000 00287nam a22001337a 4500
082 _a823
_bSHA/A
100 _aSHAKESPEARE
245 _aANTONY AND CLEOPATRA
250 _a1
260 _aAVON
_bCHERRYTREE BOOK
_c1993
300 _a31
650 _aENGLISH SHORT STORY
_zAVON
942 _cBK
999 _c3485
_d3485